000 00680nam a22002055i 4500
001 48318
003 ES-MaACL
005 20250721062605.0
007 t|
008 950713s1859 fr ||||1| fre d
040 _aCAM
_bspa
_cCAM
100 1 _aDameth, H.
_942566
245 1 3 _aLe juste et l'utile
_b: ou rapports de l'économie politique avec la morale /
_cpar H. Dameth...
260 _aParis :
_bGuillaumin et Cie. ;
_aGenéve :
_bJoel Cherbuliez,
_c1859 (
_eGenéve :
_fimprimerie Pfeffer & Puky)
300 _a[4], XVII, 485 p. ;
_c21 p.
650 0 7 _aEconomía
_2embne
_912006
650 7 _aÉtica
_2embne
_912577
852 _aES-MaACL
_jG-12135
999 _c48318
_d48318